| 000 | 01083oam a2200313 a 4500 | ||
|---|---|---|---|
| 001 | 99283634902419 | ||
| 003 | CBULib | ||
| 005 | 20240424133834.0 | ||
| 008 | 240424b |||||||| |||| 00| 0 eng d | ||
| 010 | _a9780702028779 | ||
| 010 | _a0702028770 | ||
| 035 | _a(WlAbNL)4558322-44whelf_nlw | ||
| 035 | _a(WlAbNL)vtls004558322 | ||
| 035 | _a(WlAbNL)(DNLM)101298245 | ||
| 035 | _a(WlAbNL)(DLC)2007003628 | ||
| 035 | _a(WlAbNL)(UkLCURL)982007003628 | ||
| 035 | _a(WlAbNL)813736 | ||
| 035 | _a(WlAbNL)(WlCaUW)813736 | ||
| 035 | _a(WlAbNL)(UkLCURL)24813736 | ||
| 040 | _cCBULib | ||
| 100 | _a20070126d2008 uy 0 | ||
| 210 |
_aEdinburgh ; _aNew York |
||
| 245 |
_aPass Finals: _bA companion to kumar & Clark's Clinical Medicine _c/ By Geoff Smith |
||
| 260 |
_alondon _c2004 |
||
| 300 | _aCompanion vol. to: Kumar & Clark clinical medicine / edited by Parveen Kumar, Michael Clark. 6th ed. 2005. | ||
| 700 |
_aSmith _b Geoff _g(Geoff V.) |
||
| 856 | 4 | 1 |
_3Table of contents only _uhttp://www.loc.gov/catdir/toc/ecip079/2007003628.html |
| 942 |
_2lcc _c002 _n0 |
||
| 999 |
_c84966 _d84966 |
||